XG - Woke Up (Pt.1) - Statistics

General Stats
  • This quiz has been taken 47 times
  • The average score is 247 of 376
Answer Stats
Answer % Correct
i
97%
a
93%
don't
93%
look
93%
in
90%
lookin
90%
so
90%
up
90%
to
86%
yo
86%
it
83%
my
83%
the
83%
this
83%
yeah
83%
you
83%
an
79%
at
79%
i've
79%
x
79%
been
76%
can
76%
i'm
76%
like
76%
on
76%
out
76%
say
76%
that
76%
wanna
76%
when
76%
baby
72%
catch
72%
hear
72%
little
72%
make
72%
me
72%
of
72%
right
72%
spell
72%
take
72%
under
72%
way
72%
woke
72%
XG
72%
all
69%
em
69%
had
69%
it's
69%
learn
69%
we
69%
and
66%
away
66%
burnin
66%
fire
66%
for
66%
get
66%
hurt
66%
names
66%
perfect
66%
plane
66%
ride
66%
skin
66%
smell
66%
surf
66%
uh
66%
work
66%
down
62%
fix
62%
hair
62%
how
62%
judge
62%
just
62%
left
62%
made
62%
now
62%
ordinary
62%
tell
62%
then
62%
turnin
62%
us
62%
bed
59%
but
59%
cause
59%
drop
59%
girl
59%
here
59%
jury
59%
more
59%
statement
59%
than
59%
they
59%
tires
59%
top
59%
wave
59%
with
59%
another
55%
big
55%
bow
55%
makeup
55%
place
55%
walked
55%
fit
52%
group
52%
haters
52%
hop
52%
house
52%
mouth
52%
next
52%
outer
52%
outside
52%
outta
52%
panic
52%
planet
52%
small
52%
space
52%
tryna
52%
bus
48%
bye
48%
coupe
48%
fly
48%
into
48%
is
48%
keep
48%
stop
48%
bound
45%
broke
45%
flyin
45%
hilarious
45%
leaving
45%
low
45%
motivator
45%
watch
45%
are
41%
automated
41%
great
41%
laughin
41%
past
41%
rappin
41%
tokyo
41%
told
41%
underestimated
41%
waitin
41%
everythin
38%
fascinated
38%
power
38%
though
38%
wrist
38%
6-4
34%
custom
34%
drift
34%
fans
34%
find
34%
flip
34%
flow
34%
hard
34%
motor
34%
one
34%
phone
34%
push
34%
put
34%
security
34%
y'all
34%
48
31%
entertainment
31%
hit
31%
rushin
31%
snap
31%
thought
31%
fearin
28%
intro
28%
laws
28%
tour
28%
bounce
24%
catchin
24%
kid
24%
Motorola
24%
went
24%
bring
21%
tore
21%
buss
17%
marrier
17%
rip
17%
skit
7%
honoray
3%
No matching quizzes found
Score Distribution
Percent of People with Each Score
Percentile by Number Answered
Your Score History
You have not taken this quiz